000 00934cam a2200241 4500
001 4318
005 20181127173147.0
008 110412s2011 nyu 000 f eng
010 _a 2011013568
020 _a0307700003
020 _a9781905490875
043 _an-us-ca
100 1 _aOtsuka, Julie,
_d1962-
245 1 4 _aThe Buddha in the attic /
_cJulie Otsuka.
250 _a1st ed.
260 _aNew Delhi :
_bPenguin Books,
_c2012.
300 _a129 p. ;
_c20 cm.
500 _a""This is a Borzoi book.""
520 _aPresents the stories of six Japanese mail-order brides whose new lives in early twentieth-century San Francisco are marked by backbreaking migrant work, cultural struggles, children who reject their heritage, and the prospect of wartime internment.
650 0 _aJapanese
_zCalifornia
_vFiction.
650 0 _aMail order brides
_vFiction.
651 0 _aSan Francisco (Calif.)
_xHistory
_y20th century
_vFiction.
999 _c3566
_d3566